000 00910nac a22002171u 4500
008 100907t xxu||||| |||| 00| 0 eng d
010 _a2003051761
020 _a0130424110
020 _a8129704692
082 0 0 _a005.432
_bR632
100 _aRobbins, Kay A.
_918597
245 1 0 _aUNIX systems programming :
_bcommunication, concurrency, and threads /
_cKay A. Robbins, Steven Robbins.
260 _aNew Delhi :
_bPearson Education,
_cc2004.
300 _axvii, 893 p. :
_bill. ;
_c25 cm.
504 _aIncludes bibliographical references (p. 861-869) and indexes.
650 0 _aOperating systems (Computers)
_918598
700 1 _aRobbins, Steven,
_d1947-
_918599
700 1 _aRobbins, Kay A.
_918600
942 _cBB
_k005.432R632
_2ddc
999 _c560
_d560